Statistics for Modern Rappers

Click here to take the quiz!

General Stats

  • This quiz has been taken 24 times
  • The average score is 9 of 15

Answer Stats

SongRapper% Correct
Lucid dreamsJuice Wrld
100%
God’s PlanDrake
95%
RansomLil Tecca
95%
Shotta Flow 7NLE Choppa
90%
Love SosaChief Keef
81%
Dark Knight DummoTrippie Redd
76%
SugeDababy
71%
Lovin on meJack Harlow
57%
Sum 2 ProveLil Baby
57%
F.N.Lil Tjay
57%
LollipopLil Wayne
52%
21Polo G
43%
Outside TodayNBA Youngboy
24%
One NightLil Yachty
19%
ShampooKodak Black
10%

Score Distribution

Percentile by Number Answered

Percent of People with Each Score

Your Score History

You have not taken this quiz